| 000 | 00832nam a22002177a 4500 | ||
|---|---|---|---|
| 999 |
_c62889 _d62889 |
||
| 005 | 20240530110612.0 | ||
| 008 | 160904s2013 ua a g 000 0dara d | ||
| 017 |
_a2013/4085 _bمصر . دار الكتب المصرية |
||
| 020 | _a9789777010498 | ||
| 040 | _aEG-CaGPL | ||
| 082 | 0 | 4 |
_221 _a363.72 _bق/ع ص |
| 100 | 0 | _aعبدالخالق فاروق | |
| 245 | 1 | 2 |
_aالصحة واحوال الفقراء فى مصر : _bكم ينفق المصريون على الصحة / _cاعداد عبدالخالق فاروق |
| 250 | _aط.1 | ||
| 260 |
_aالقاهرة : _bمكتبه الشروق الدوليه، _c2013 . |
||
| 300 |
_a279 ص. ؛ _c24 سم. |
||
| 650 | 0 | 4 |
_aالصحه العامة _zمصر |
| 651 | 0 | 4 |
_aمصر _xالرعاية الصحية |
| 942 |
_2ddc _cBK |
||